Statistics for Book Titles by Synonyms #1

Click here to take the quiz!

General Stats

  • This quiz has been taken 26,838 times
  • The average score is 13 of 20

Answer Stats

Synonyms Book Title % Correct
Vanished with the BreezeGone With The Wind
97%
To Murder a Mimicking AvianTo Kill a Mockingbird
92%
Charles and the
Cocoa Plant
Charlie and the
Chocolate Factory
92%
Ruler of the InsectsLord of the Flies
87%
The Geriatric Male
and the Ocean
The Old Man and
the Sea
78%
Jimmy and the
Humongous Nectarine
James and the
Giant Peach
78%
Conflict & ConcordWar & Peace
74%
Ego & BiasPride & Prejudice
71%
Felony & RetributionCrime & Punishment
71%
A Goodbye to WeaponsA Farewell to Arms
68%
Courageous
Contemporary Planet
Brave New World
66%
The Rainforest TomeThe Jungle Book
66%
A Trolley Entitled LustA Streetcar Named Desire
59%
Pete SkilletPeter Pan
58%
Heaven MisplacedParadise Lost
52%
The Temporality DeviceThe Time Machine
50%
The Scarlet Token of BraveryThe Red Badge of Courage
41%
Abattoir QuintetSlaughterhouse Five
36%
Romance's Work's MisplacedLove's Labour's Lost
35%
Weep, the Cherished NationCry, the Beloved Country
26%

Score Distribution

Percentile by Number Answered

Percent of People with Each Score

Your Score History

You have not taken this quiz